Szczegóły MARC21

Optimal control of partial differential equations : theory, methods and applications /

003 -Nazwa inst., której nr kontr. jest w polu 001 [,]
    • @
    • Nazwa instytucji, której n kontrolny jest w polu 001
    • NUKAT
005 -DATA I CZAS OSTATNIEJ MODYFIKACJI [,]
    • @
    • pole kontrolne
    • 20241231085506.0
020 -Międzynarod. znormalizowany nr książki - ISBN [ , ]
    • a
    • Numer ISBN
    • 9780821849040 Find
040 -Instytucja sporządzająca opis [ , ]
    • a
    • Instytucja, która sporządziła opis (NP)
    • WA 35/BJ
    • b
    • Język katalogowania
    • pol
    • e
    • Zasady katalogowania
    • rda
    • c
    • Instytucja, która sporządziła rekord (NP)
    • WA 35/BJ
    • d
    • Instytucja, która zmodyfikowała rekord (P)
    • SZCZ U/ABs
041 -Język dokumentu [1, ]
    • a
    • Język tekstu (P)
    • angielski
    • h
    • Język tekstu oryginalnego i/lub pośredniego (P)
    • niemiecki
942 -Rodzaj dokumentu [ , ]
    • c
    • Rodzaj dokumentu
    • Książka
100 -Hasło główne - nazwa osobowa [1, ]
    • a
    • Nazwa osobowa (NP)
    • Tröltzsch, Fredi
    • d
    • Daty biograficzne (NP)
    • (1951- ).
    • e
    • Rodzaj współpracy
    • Autor
    • 9
    • KHW
    • 52403
240 -Tytuł ujednolicony [1,0]
    • a
    • Tytuł ujednolicony
    • Optimale Steuerung partieller Differentialgleichungen
    • l
    • Język tekstu
    • (ang.)
    • 9
    • KHW
    • 52405
245 -Strefa tytułu i oznaczenia odpowiedzialności [1,0]
    • a
    • Tytuł
    • Optimal control of partial differential equations : Find
    • b
    • Ciąg dalszy tytułu (NP)
    • theory, methods and applications / Find
    • c
    • Pozostałe elementy strefy tytułu i oznaczenia odpowiedzialności (NP)
    • Fredi Tröltzsch ; translated by Jürgen Sprekels.
260 -Strefa adresu wydawniczego [ , ]
    • a
    • Miejsce wydania (P)
    • Providence :
    • b
    • Nazwa wydawcy (P)
    • American Mathematical Society,
    • c
    • Data wydania (P)
    • cop. 2010.
300 -Strefa opisu fizycznego [ , ]
    • a
    • Określenie formy książki i/lub objętość (NP)
    • XV, 399 stron ;
    • c
    • Format (NP)
    • 26 cm.
336 -Typ zawartości [ , ]
    • a
    • Termin opisujący typ zawartości
    • Tekst
    • b
    • Kod określający zawartość
    • txt
    • 2
    • Źródło (terminu i kodu)
    • rdacontent
337 -Typ mediów [ , ]
    • a
    • Tryb odtwarzania
    • Bez urządzenia pośredniczącego
    • b
    • Kod typu mediów
    • n
    • 2
    • Źródło (terminu i kodu)
    • rdamedia
338 -Typ/rodzaj nośnika [ , ]
    • a
    • Hasło opisujące typ nośnika
    • Wolumin
    • b
    • Kod typu nośnika
    • nc
    • 2
    • Źródło (terminu i kodu)
    • rdacarrier
490 -Strefa serii i książki wielotomowej - forma nie do wyszukiwania [1, ]
    • a
    • Tytuł (P)
    • Graduate Studies in Mathematics ; Find
    • v
    • Numeracja (P)
    • vol. 112
830 -Hasło dodatkowe serii i opisu książki wielotomowej - tytuł ujednolicony/tytuł [ ,0]
    • a
    • Tytuł ujednolicony/tytuł (NP)
    • Graduate Studies in Mathematics
    • x
    • ISSN
    • 1065-7339
    • v
    • Oznaczenie tomu (NP)
    • vol. 112
    • 9
    • KHW
    • 8919
504 -Uwaga dot. bibliogr. załącznikowej [ , ]
    • a
    • Uwaga dot. bibliografii załącznikowej
    • Bibliografia na stronach 385-396. Indeks.
080 -Uniwersalna Klasyfikacja Dziesiętna [ , ]
    • 2
    • Identyfikator wydania tablic
    • UDC-P058
    • 9
    • UKD
    • 4060
    • a
    • Symbol klasyfikacji
    • 517.95
    • b
    • Dopowiedzenie
    • Równania różniczkowe cząstkowe. Teoria potencjału.
    • 4
    • UKD2
    • 7644
    • x
    • Poddział wspólny
    • =111
    • c
    • Dopowiedzenie poddz. wspólnego
    • =Język angielski.
650 -Hasło przedmiotowe [ ,7]
    • a
    • Hasło przedmiotowe
    • Równania różniczkowe cząstkowe.
    • 2
    • Źródło terminu
    • kaba
    • 9
    • KHW
    • 129292
650 -Hasło przedmiotowe [ ,7]
    • a
    • Hasło przedmiotowe
    • Optymalizacja matematyczna.
    • 2
    • Źródło terminu
    • kaba
    • 9
    • KHW
    • 122541
650 -Hasło przedmiotowe [ ,7]
    • a
    • Hasło przedmiotowe
    • Teoria sterowania.
    • 2
    • Źródło terminu
    • kaba
    • 9
    • KHW
    • 133369
980 -Symbol UKD [ , ]
    • a
    • UKD
    • 517.95=111
700 -Hasło dodatkowe - nazwa osobowa [1, ]
    • a
    • Nazwa osobowa (NP)
    • Sprekels, Jürgen. Find
    • e
    • Określenie rodzaju współpracy
    • Tłumaczenie
    • 9
    • KHW
    • 52402
920 -ISBN [ , ]
    • a
    • ISBN
    • 978-0-8218-4904-0 Find
Lokalizacja Data inwentaryzacji Status udost. Numer inwentarzowy
BG2013-02-011N.20724
BG2013-02-011N.20725